World of science (Record no. 12129)
[ view plain ]
| 000 -LEADER | |
|---|---|
| fixed length control field | 00423nam a22001817a 4500 |
| 003 - CONTROL NUMBER IDENTIFIER | |
| control field | UUm |
| 005 - DATE AND TIME OF LATEST TRANSACTION | |
| control field | 20140310182340.0 |
| 008 - FIXED-LENGTH DATA ELEMENTS--GENERAL INFORMATION | |
| fixed length control field | 130313t xxu||||| |||| 00| 0 eng d |
| 020 ## - INTERNATIONAL STANDARD BOOK NUMBER | |
| International Standard Book Number | 9781405469401 (pbk.) |
| 050 ## - LIBRARY OF CONGRESS CALL NUMBER | |
| Classification number | Q 164 |
| Item number | W67 2006 |
| 082 ## - DEWEY DECIMAL CLASSIFICATION NUMBER | |
| Classification number | Q164 |
| Item number | W67 2006 |
| 245 ## - TITLE STATEMENT | |
| Title | World of science |
| 260 ## - PUBLICATION, DISTRIBUTION, ETC. (IMPRINT) | |
| Place of publication, distribution, etc | Bath, UK |
| Name of publisher, distributor, etc | Parragon |
| Date of publication, distribution, etc | 2006 |
| 526 ## - STUDY PROGRAM INFORMATION NOTE | |
| Reading level | 920L-1120L |
| 562 ## - COPY AND VERSION IDENTIFICATION NOTE | |
| Number of copies | 1 |
| 942 ## - ADDED ENTRY ELEMENTS (KOHA) | |
| Source of classification or shelving scheme | Library of Congress Classification |
| Koha item type | Books |
| Withdrawn status | Lost status | Source of classification or shelving scheme | Damaged status | Home library | Current library | Shelving location | Date acquired | Total Checkouts | Full call number | Barcode | Date last seen | Copy number | Price effective from | Koha item type |
|---|---|---|---|---|---|---|---|---|---|---|---|---|---|---|
| Library of Congress Classification | Luxembourg Library | Luxembourg Library | Grade School Section | 09/26/2013 | Q 158.5 .W893w 2006 | 14580 | 02/09/2015 | 1 | 10/03/2013 | Books |